Sistema recomendador como herramienta de apoyo en plataformas digitales para operaciones turísticas / (Registro nro. 49020)
[ vista simple ]
| 000 -LEADER | |
|---|---|
| fixed length control field | 02443nam a2200241 4500 |
| 005 - DATE AND TIME OF LATEST TRANSACTION | |
| control field | 20250617194251.0 |
| 008 - FIXED-LENGTH DATA ELEMENTS--GENERAL INFORMATION | |
| fixed length control field | 170718s2025 000 0 eng d |
| 040 ## - CATALOGING SOURCE | |
| Original cataloging agency | CO-CtgCURN |
| Language of cataloging | spa |
| Transcribing agency | coctgcurn |
| 082 0# - DEWEY DECIMAL CLASSIFICATION NUMBER | |
| Classification number | TSI 2025 |
| Item number | A367 |
| 100 1# - MAIN ENTRY--PERSONAL NAME | |
| Personal name | Alemán Herrera, Juan David. |
| 245 10 - TITLE STATEMENT | |
| Title | Sistema recomendador como herramienta de apoyo en plataformas digitales para operaciones turísticas / |
| Statement of responsibility, etc. | Juan David Alemán Herrera; Keyner de Jesús Crespo Rodríguez; Yordis Daniel Gomez Bastidas; Asesor: Udualdo Herrera Garcia. |
| 260 ## - PUBLICATION, DISTRIBUTION, ETC. | |
| Place of publication, distribution, etc. | Cartagena de Indias : |
| Name of publisher, distributor, etc. | Corporación Universitaria Rafael Nuñez, |
| Date of publication, distribution, etc. | 2025. |
| 300 ## - PHYSICAL DESCRIPTION | |
| Extent | 147 hojas. |
| 504 ## - BIBLIOGRAPHY, ETC. NOTE | |
| Bibliography, etc. note | Trabajo de grado (Tecnologo en sistemas de información y software). Corporación Universitaria Rafael Nuñez. Facultad de ingenieria de sistemas. Tecnologia en sistema de información y software, 2025. |
| 520 ## - SUMMARY, ETC. | |
| Summary, etc. | "Este proyecto consiste en el desarrollo de un sistema recomendador digital que busca mejorar la experiencia turística en la ciudad de Cartagena, con un enfoque especial en la elección de playas. Cartagena, reconocida por su atractivo histórico y natural, cuenta con numerosas playas que presentan una diversidad de características, pero los turistas suelen enfrentar dificultades para elegir la más adecuada debido a la falta de información organizada, personalizada y actualizada. El sistema fue concebido como una herramienta basada en inteligencia artificial que sugiere playas a los visitantes según sus preferencias individuales, como tranquilidad, cercana a restaurantes, actividades disponibles o limpieza. Se aplicaron técnicas filtrado basado en contenido y análisis de similitud para construir el motor de recomendaciones, todo implementado en Python con librerías como Scikit-learn, Pandas y NumPy. Para la interfaz de usuario, se utilizó la herramienta Streamlit, permitiendo una navegación intuitiva y adaptable para el usuario.." |
| 650 #0 - SUBJECT ADDED ENTRY--TOPICAL TERM | |
| Topical term or geographic name entry element | Sistemas de información y software |
| General subdivision | Tesis y disertaciones academicas. |
| 700 1# - ADDED ENTRY--PERSONAL NAME | |
| Personal name | Gómez Bastidas, Yordis Daniel. |
| 700 1# - ADDED ENTRY--PERSONAL NAME | |
| Personal name | Crespo Rodríguez, Keyner de Jesús . |
| 700 1# - ADDED ENTRY--PERSONAL NAME | |
| Personal name | Herrera Garcia, Udualdo, |
| Relator term | asesor. |
| 856 ## - ELECTRONIC LOCATION AND ACCESS | |
| Uniform Resource Identifier | <a href="https://unicurn.sharepoint.com/:b:/s/biblioteca/EYjhqJoTPFxCl3FJtMGIr6gBtDeX4Q6MkVDQ-hro48Kkzg?e=URKplM">https://unicurn.sharepoint.com/:b:/s/biblioteca/EYjhqJoTPFxCl3FJtMGIr6gBtDeX4Q6MkVDQ-hro48Kkzg?e=URKplM</a> |
| Public note | Click aqui para ver el recurso en texto completo |
| 942 ## - ADDED ENTRY ELEMENTS (KOHA) | |
| Classification part | TSI 2025 |
| Item part | A367 |
| Source of classification or shelving scheme | Dewey Decimal Classification |
| Koha item type | Trabajos de grado |
| Withdrawn status | Lost status | Damaged status | Not for loan | Collection | Home library | Current library | Shelving location | Date acquired | Cost, normal purchase price | Inventory number | Total checkouts | Full call number | Barcode | Date last seen | Price effective from | Koha item type |
|---|---|---|---|---|---|---|---|---|---|---|---|---|---|---|---|---|
| Trabajos de grado | Miguel Henríquez Castañeda | Miguel Henríquez Castañeda | Trabajo de grado | 09/23/2018 | 35000.00 | 025508 | TSI 2025 A367 | 025508 | 06/17/2025 | 06/17/2025 | Trabajos de grado |